| 000 | 01291nam a2200337 i 4500 | ||
|---|---|---|---|
| 001 | 000042776 | ||
| 003 | DO-SdBNP | ||
| 005 | 20260321073643.0 | ||
| 007 | ta | ||
| 008 | 140207s 2012 cl 000 j spa d | ||
| 020 | _a9789562943277 | ||
| 040 |
_aDO-SdBNP _bspa _cBNPHU _erda |
||
| 082 |
_aRD863.44 _bB742m _222 |
||
| 100 | 1 |
_a Bosch, Juan, _d1909-2001 _eautor _976555 |
|
| 245 | 1 | 3 |
_aLa mancha indeleble : _bcuentos selectos / _cJuan Bosch. |
| 260 | _aSantiago de Chile : | ||
| 264 |
_aSantiago de Chile : _bMN Editorial : _bFundación Juan Bosch, _c2012. |
||
| 300 |
_a174 páginas ; _c21 cm. |
||
| 336 |
_2rdacontent _atexto _btxt |
||
| 337 |
_2rdamedia _asin mediación _bn |
||
| 338 |
_2rdacarrier _avolumen _bnc |
||
| 490 | 0 | _aAlamar | |
| 500 | _aIncluye datos biográficos del autor en la solapa de la cubierta | ||
| 505 | 4 |
_aLa mancha indeleble -- _tLa mujer -- _tCapitán -- _tEn un bohío -- _tLos amod -- _tEl algarrobo -- _tLos ventadores -- _tGuaraguaos -- _tEl río y su enemigo _tEl difunto esta vivo -- _tMaravilla -- _tDos pesos de agua. |
|
| 505 | _aInventariado, 2019/VM | ||
| 590 | _aInventariado, 2019 /MV | ||
| 650 | 1 | 4 |
_aCuentos dominicanos _xColecciones _9503 |
| 650 | 1 | 0 |
_aLiteratura dominicana. _967 |
| 910 | _aValidado. Control de calidad MFF | ||
| 942 |
_2ddc _cLBS1 |
||
| 999 |
_c42265 _d42265 |
||